明清长城主要关口地图 Map of the gates of the Great Wall - Statistics

General Stats
  • This quiz has been taken 26 times
  • The average score is 10 of 18
Answers on the Map
Answers color-coded by a green-red scale on the quiz's map according to % correct below.
 
Answer Stats
关口 % Correct
嘉峪关
100%
山海关
100%
居庸关
96%
娘子关
83%
阳关
70%
雁门关
70%
玉门关
61%
平型关
57%
紫荆关
52%
杀虎口
48%
偏头关
43%
古北口
39%
黄崖关
35%
喜峰口
35%
宁武关
30%
倒马关
26%
大境门
22%
独石口
9%
No matching quizzes found
Score Distribution
Percent of People with Each Score
Percentile by Number Answered
Your Score History
You have not taken this quiz